Proces nakupovania v systéme manažérstva kvality : Bakalárska práca
Saved in:
| Main Author: | |
|---|---|
| Other Authors: | |
| Format: | Manuscript Book |
| Language: | Slovak |
| Published: |
Trnava :
STU v Bratislave MtF KIK,
2006
|
| Subjects: | |
| Tags: |
No Tags, Be the first to tag this record!
|
MARC
| LEADER | 00000ntm a22000003a 4500 | ||
|---|---|---|---|
| 001 | stu129986 | ||
| 005 | 20160719155628.9 | ||
| 008 | 061120s2006----xo------------------slo-d | ||
| 040 | |a STU |b slo | ||
| 041 | 0 | |a slo | |
| 044 | |a xo | ||
| 100 | 1 | |a Backová, Daniela |4 aut | |
| 245 | 1 | |a Proces nakupovania v systéme manažérstva kvality : |b Bakalárska práca | |
| 260 | |a Trnava : |b STU v Bratislave MtF KIK, |c 2006 | ||
| 300 | |a 51 s |c príl (1 CD-ROM) | ||
| 650 | 7 | |a inžinierstvo kvality produkcie |2 stusub | |
| 650 | 7 | |a systém manažérstva kvality |2 stusub | |
| 700 | 1 | |a Konečná, Helena |4 xxx | |
| 996 | |b 284M074928 |c M*BP-2142 |l MMSKP |s P |a 0 |w stu129986_0001 | ||